Ουδέν νεώτερον από το δυτικό μέτωπον

Αποθηκεύτηκε σε:
Λεπτομέρειες βιβλιογραφικής εγγραφής
Κύριος συγγραφέας: Remarque, Erich Maria, 1898-1970
Άλλοι συγγραφείς: Θρακιώτης, Κώστας, 1909-1994 (Μεταφραστής)
Μορφή: Βιβλίο
Γλώσσα:Greek
German
Δημοσίευση: Αθήνα : Ζαχαρόπουλος, 1999.
Σειρά:Κλασική λογοτεχνία (Εκδοτικός Οίκος Σ. Ι. Ζαχαρόπουλος) 57
Θέματα:
Ετικέτες: Προσθήκη ετικέτας
Δεν υπάρχουν, Καταχωρήστε ετικέτα πρώτοι!

MARC

LEADER 00000cam a2200000 i 4500
001 1/98619
008 081202s1999 gr | ||| |||| | gre||
020 |a 9602080213 
035 |l 10102159 
040 |a GR-MyUa  |b gre  |e AACR2 
041 1 |a gre  |h ger 
082 7 |a 833.912   |2 (22) 
100 1 |a Remarque, Erich Maria,   |d 1898-1970. 
245 1 0 |a Ουδέν νεώτερον από το δυτικό μέτωπον /   |c Έριχ Μαρία Ρεμάρκ ; μετάφραση Κώστας Θρακιώτης. 
260 |a Αθήνα :   |b Ζαχαρόπουλος,   |c 1999. 
300 |a 231 σ. ;   |c 21 εκ. 
490 1 |a (Κλασική λογοτεχνία / Ζαχαρόπουλος ;   |v 57) 
500 |a Τίτλος πρωτοτύπου: Im Westen nichts Neues. 
650 0 |a World War, 1914-1918  |x Fiction. 
650 0 |a War stories. 
650 0 |a Historical fiction, German. 
651 0 |a Germany  |x History  |y 1871-1918  |x Fiction. 
700 1 |a Θρακιώτης, Κώστας,   |d 1909-1994,  |e trl 
830 0 |a Κλασική λογοτεχνία (Εκδοτικός Οίκος Σ. Ι. Ζαχαρόπουλος)  |v 57 
852 |a INST  |b LESVOS  |e 20081202  |h 833.912 REM  |p 005100043603  |q 005100043603  |t BK  |y 0 
901 |a BIBL1-2008-3 
970 |a ΚΑΡΑ  |b ΓΙΑΣΕΜΗ  |z 2008/12/02